Dirección estratégica : creando ventajas competitivas
| Main Author: | |
|---|---|
| Format: | Section = Libro |
| Language: | Undetermined Spanish |
| Published: |
España
McGraw-Hill
2003
|
| Subjects: |
| LEADER | 00673nam a2200217Ia 4500 | ||
|---|---|---|---|
| 008 | 240829s9999 xx 000 0 und d | ||
| 020 | |a 84-481-3916-X | ||
| 040 | |a BIBLIOTECA-RUPAP 658.4012 D475 | ||
| 041 | |a spa | ||
| 082 | |a 658.4012 D475 | ||
| 100 | 1 | |a Dess, Gregory G. | |
| 245 | 1 | 0 | |a Dirección estratégica : creando ventajas competitivas |
| 260 | |a España |b McGraw-Hill |c 2003 | ||
| 300 | |a 536 p. :il. | ||
| 650 | 7 | |a ADMINISTRACION - DIRECCION ESTRATEGICA | |
| 650 | 7 | |b ANALISIS ESTRATEGICO | |
| 650 | 7 | |c FORMULACION DE ESTRATEGIA | |
| 650 | 7 | |d ANALISIS DE CASOS - EJERCICIOS. I. Lumpkin G. T, coaut. II. Tít. | |
| 942 | |c BK |2 ddc | ||
| 991 | |a TEXTO | ||
| 999 | |c 8782 | ||